000 00205 a2200097 4500
001 41111
100 _aTillett J
245 _aPractical Comprehension
260 _a
_bHutchinson
_c
090 _c25341
_d25341
942 _aNUST-CAE
_cM
_c17049
999 _c276184
_d276184